| 000 | 00549cam a2200193ua 4500 | ||
|---|---|---|---|
| 001 | 1462 | ||
| 008 | 110709n ii |||gr||||Z||||||eng | ||
| 020 | _a81-219-1036-6 | ||
| 040 | _cMAIN | ||
| 082 | _a301 | ||
| 100 | 1 |
_aRao, C. N. Shankar, _eAuthor. |
|
| 245 | 1 |
_aSociology principles p sociology with an introduction to social thought _cby C. N. Shankar Rao |
|
| 250 | _a1st. | ||
| 260 |
_aNew Delhi: _bS. Chand, _c2007. |
||
| 300 |
_axiv; 891p: _c23cm. |
||
| 653 | _aSociology | ||
| 653 | _aprinciples of sociology & social thought | ||
| 942 | _cBK | ||
| 999 |
_c1351 _d1351 |
||